000 00501nam a2200157 a 4500
001 000038385
005 20201002031238.0
008 130410s1990 dr 000 0 spa d
040 _aDO-SdBNP
_bspa
_cBNPHU
245 0 4 _aLas más bellas cartas de amor /
_cFrank Kajka a Milena.
250 _a2a. ed.
260 _aSanto Domingo :
_bOveja Negra,
_c1990.
300 _a181, [2] p. :
_bil. ;
_c23 cm.
500 _aContiene modelos de cómo escribir cartas de amor
700 1 _aKajka a Milena, Frank
_964734
999 _c37875
_d37875